Significado actual del accidente de trabajo in itinere (Registro nro. 161340)

Detalles MARC
000 -LEADER
fixed length control field 01232nam a22002777a 4500
007 - PHYSICAL DESCRIPTION FIXED FIELD--GENERAL INFORMATION
fixed length control field cr|||| ||||
008 - FIXED-LENGTH DATA ELEMENTS--GENERAL INFORMATION
fixed length control field 070927s2007 sp |||||| 000 ||spa||
020 ## - INTERNATIONAL STANDARD BOOK NUMBER
International Standard Book Number 9788496721302
035 ## -
-- 5945
040 ## - CATALOGING SOURCE
Modifying agency vLex
090 ## -
-- 2922
-- 2922
100 1# - MAIN ENTRY--PERSONAL NAME
Personal name Ballester Pastor, María Amparo
245 10 - TITLE STATEMENT
Title Significado actual del accidente de trabajo in itinere
Medium [Recurso electrónico] :
Remainder of title paradojas y perspectivas /
Statement of responsibility, etc Mª Amparo Ballester Pastor
256 ## -
-- Servicio en línea
260 ## - PUBLICATION, DISTRIBUTION, ETC. (IMPRINT)
Place of publication, distribution, etc Albacete :
Name of publisher, distributor, etc Bomarzo,
Date of publication, distribution, etc 2007
300 ## - PHYSICAL DESCRIPTION
Extent 1 recurso electrónico
504 ## - BIBLIOGRAPHY, ETC. NOTE
Bibliography, etc Bibliografía
506 1# - RESTRICTIONS ON ACCESS NOTE
Terms governing access Contenido solo disponible en los productos indicados
Authorized users vLex Global
-- vLex Global (Academic Edition, excluding Law Schools)
-- vLex Global (U.S. Academic Edition, Law Schools)
-- vLex Global (U.S. Academic Edition, excluding Law Schools)
-- vLex Global (Academic Edition, Law Schools)
650 04 - SUBJECT ADDED ENTRY--TOPICAL TERM
Topical term or geographic name as entry element Trabajo
General subdivision Accidentes
-- Derecho
Geographic subdivision España
650 04 - SUBJECT ADDED ENTRY--TOPICAL TERM
Topical term or geographic name as entry element Seguridad en el trabajo
Geographic subdivision España
740 0# -
-- vLex Libros (Servicio en línea)
830 #0 -
-- Básicos de derecho social ;
-- 29
856 40 - LOCALIZACIÓN Y ACCESO ELECTRÓNICO
Identificador Uniforme del Recurso (URI/URL) https://app.vlex.com/#/sources/significado-actual-accidente-trabajo-in-itinere-5945
942 ## -
-- RAA
999 ## -
-- 161340
-- 161340

No hay ítems disponibles.


CONTACTO


NOSOTROS


SITIOS DE INTERES

coordinacion.biblioteca.biblioteca@unienlinea.mx Misión, Visión y Objetivos Bases de datos
Directorio Bibliotecas Digitales y Repositorios
Normatividad Revistas y artículos
Convenios interbibliotecarios
Boletines



Hecho en México. Universidad Insurgentes (UIN). Todos los derechos reservados 2024. Esta página y sus contenidos pueden ser reproducidos con fines no lucrativos, siempre y cuando no se mutile, se cite la fuente completa y su dirección electrónicas. De otra forma requiere permiso previo por escrito de la institución




2024 Copyright Universidad Insurgentes | www.bibliouin.com.mx